Setting up enterprises in Japan.
| Corporate Author: | |
|---|---|
| Format: | Book |
| Published: |
Japan:
Jetro,
2000.
|
| Edition: | 5th ed. |
| Subjects: |
| LEADER | 00440cam a2200157 7i4500 | ||
|---|---|---|---|
| 001 | 0000010995 | ||
| 005 | 20020521090000.0 | ||
| 090 | 0 | 0 | |a JAPN 332.6 |b JAP |
| 110 | 2 | 0 | |a Japan External Trade Organisation (JETRO) |
| 245 | 0 | 0 | |a Setting up enterprises in Japan. |
| 250 | 0 | 0 | |a 5th ed. |
| 260 | 0 | 0 | |a Japan: |b Jetro, |c 2000. |
| 300 | # | # | |a 349p. |
| 650 | 0 | 0 | |a Investments -- |z Japan |
| 651 | 0 | 0 | |a Japan |
| 999 | |a 0000013515 |b Book |c Countries |e Business Information Centre | ||